000 00296nam a22001217a 4500
020 _aNA
082 _222
_a629.819
100 _aNatarajan, Ananda and Babu, Ramesh P.
245 _aControl systems engineering /
260 _bScitech Publications,
_cc2005.
300 _a0
_bill. ;
942 _2ddc
_cEE
999 _c4081
_d4081